000 00644nam a2200241Ia 4500
003 OSt
005 20221006141643.0
006 a|||||r|||| 00| 0
007 ta
008 221006b |||||||| |||| 00| 0 eng d
020 _c100
024 _a3,712
037 _bGift, Japan Foundation
_cTextual
040 _aEASL
_cEASL
_beng
041 _2eng
_aeng
082 _aP42,9, N1
100 _aKHANNA J N
_9645977
245 0 _aKanji for all
260 _aNew Delhi
_bJapan Foundation
_c1991
300 _a131p.
_ccm.
942 _hP42,9, N1
_cTEXL
_2CC
999 _c1071798
_d1071798